| 000 | 00395nam a22001577a 4500 | ||
|---|---|---|---|
| 003 | SGT | ||
| 020 | _a978-0-521-76223-6 | ||
| 082 |
_a616.8524 _bM11C |
||
| 100 | _aCREED, FRANCIS | ||
| 245 | _aMEDICALLY UNEXPLAINED SYMPTOMS, SOMATISATION AND BODILY DISTRESS | ||
| 250 | _a1ST | ||
| 260 |
_aNEW YORK _bCAMBRIDGE UNIVERSITY _c2011 |
||
| 300 | _a258 | ||
| 650 | _aPSYCHOLOGY | ||
| 942 |
_2ddc _cBK |
||
| 999 |
_c19787 _d19787 |
||